<?xml version="1.0" encoding="UTF-8"?>
<record
    xmlns:xsi="http://www.w3.org/2001/XMLSchema-instance"
    xsi:schemaLocation="http://www.loc.gov/MARC21/slim http://www.loc.gov/standards/marcxml/schema/MARC21slim.xsd"
    xmlns="http://www.loc.gov/MARC21/slim">

  <leader>00638nam a22001937a 4500</leader>
  <datafield tag="999" ind1=" " ind2=" ">
    <subfield code="c">170536</subfield>
    <subfield code="d">170536</subfield>
  </datafield>
  <controlfield tag="005">20191217142742.0</controlfield>
  <datafield tag="010" ind1=" " ind2=" ">
    <subfield code="a">A-998717</subfield>
  </datafield>
  <datafield tag="020" ind1=" " ind2=" ">
    <subfield code="c">500.00</subfield>
  </datafield>
  <datafield tag="035" ind1=" " ind2=" ">
    <subfield code="a">A-998717</subfield>
  </datafield>
  <datafield tag="037" ind1=" " ind2=" ">
    <subfield code="b">BPPD/Pub.</subfield>
  </datafield>
  <datafield tag="082" ind1=" " ind2=" ">
    <subfield code="a">841</subfield>
  </datafield>
  <datafield tag="100" ind1=" " ind2=" ">
    <subfield code="a">&#x635;&#x62F;&#x6CC;&#x641;&#x6CC; &#x60C; &#x641;&#x627;&#x62F;&#x631;</subfield>
  </datafield>
  <datafield tag="245" ind1=" " ind2=" ">
    <subfield code="a">&#x62C;&#x645;&#x646;&#x627; &#x633;&#x6D2; &#x632;&#x645;&#x632;&#x645; &#x62A;&#x6A9; (&#x62D;&#x635;&#x6C1; &#x627;&#x648;&#x644;) /</subfield>
    <subfield code="c">&#x642;&#x627;&#x62F;&#x631; &#x635;&#x62F;&#x6CC;&#x642;&#x6CC;</subfield>
  </datafield>
  <datafield tag="246" ind1=" " ind2=" ">
    <subfield code="a">jamna se Zam Zam Tak vol.I (Urdu) /</subfield>
    <subfield code="b">by Qadir Siddiqui</subfield>
  </datafield>
  <datafield tag="260" ind1=" " ind2=" ">
    <subfield code="a">&#x644;&#x6A9;&#x6BE;&#x646;&#x648;</subfield>
    <subfield code="b">&#x6A9;&#x6CC;&#x641; &#x62C;&#x627;&#x648;&#x6CC;&#x62F; &#x635;&#x6CC;&#x62F;&#x6CC;&#x642;&#x64A;</subfield>
    <subfield code="c">1999 &#x621;</subfield>
  </datafield>
  <datafield tag="270" ind1=" " ind2=" ">
    <subfield code="a">226/80- &#x627;&#x646;&#x648;&#x627;&#x631; &#x628;&#x627;&#x63A; &#x6D4; &#x633;&#x628;&#x6BE;&#x627;&#x634; &#x645;&#x627;&#x631;&#x6AF;</subfield>
    <subfield code="b">&#x644;&#x6A9;&#x6BE;&#x646;&#x648;</subfield>
    <subfield code="e">3</subfield>
  </datafield>
  <datafield tag="300" ind1=" " ind2=" ">
    <subfield code="a">472p.</subfield>
    <subfield code="c">21cm(Hb)</subfield>
  </datafield>
  <datafield tag="942" ind1=" " ind2=" ">
    <subfield code="2">ddc</subfield>
    <subfield code="c">UR</subfield>
    <subfield code="h">841</subfield>
    <subfield code="m">&#x635; &#x62F; &#x6CC;</subfield>
  </datafield>
  <datafield tag="952" ind1=" " ind2=" ">
    <subfield code="0">0</subfield>
    <subfield code="1">0</subfield>
    <subfield code="4">0</subfield>
    <subfield code="7">0</subfield>
    <subfield code="8">NFIC</subfield>
    <subfield code="a">L</subfield>
    <subfield code="b">L</subfield>
    <subfield code="d">2019-12-17</subfield>
    <subfield code="e">BPPD/Ven.</subfield>
    <subfield code="g">500.00</subfield>
    <subfield code="l">0</subfield>
    <subfield code="o">841 &#x635; &#x62F; &#x6CC;</subfield>
    <subfield code="p">A-998717</subfield>
    <subfield code="r">2019-12-17 00:00:00</subfield>
    <subfield code="t">1</subfield>
    <subfield code="v">500.00</subfield>
    <subfield code="w">2019-12-17</subfield>
    <subfield code="y">UR</subfield>
  </datafield>
</record>
